| 000 | 00610nam a22001937a 4500 | ||
|---|---|---|---|
| 003 | 0 | ||
| 005 | 20250107115337.0 | ||
| 008 | 250107b xxu||||| |||| 00| 0 eng d | ||
| 020 | _a9781984688910 | ||
| 050 |
_aTX 911.3 _b.D86 2024 |
||
| 100 |
_aD'Uonnolo, Giulia _eauthor. |
||
| 245 |
_a3G handy guide : _bhotel facilities management / _cGiulia D'Uonnolo. |
||
| 250 | _a2nd ed. | ||
| 260 |
_aNew York, NY : _b3G E-Learning LLC, _c2024. |
||
| 300 |
_aix, 250 p. : _bcol. ill. ; _c26 cm. |
||
| 504 | _aIncludes bibliographical references and index. | ||
| 650 |
_aHotel facilities _vmanagement. |
||
| 942 |
_2lcc _cBK |
||
| 999 |
_c366902 _d366902 |
||